Bundesliga 2025-2026 - Logos - Statistiques

Statistiques générales
  • Ce quiz a été pris 227 fois
  • Le résultat moyen est 14 sur 18
Statistiques - réponses
Par images Réponse % Correct
Borussia Dortmund
99%
Bayer 04 Leverkusen
95%
Bayern Munich
89%
RB Leipzig
86%
1. FSV Mayence 05
83%
Eintracht Francfort
83%
SC Fribourg
83%
VfB Stuttgart
81%
Werder Brême
81%
VfL Wolfsburg
79%
1. FC Cologne
78%
TSG 1899 Hoffenheim
78%
1. FC Union Berlin
77%
Hambourg SV
74%
Borussia Mönchengladbach
67%
FC Augsbourg
63%
FC St. Pauli
59%
1. FC Heidenheim
44%
Aucun quiz correspondant
Distribution des résultats
% des personnes avec chaque résultat
Percentile par nombre de réponses
Votre historique - résultats
Vous n’avez pas pris ce quiz